Marketing (Record no. 6229)

MARC details
005 - DATE AND TIME OF LATEST TRANSACTION
control field 20250630055614.0
020 ## - INTERNATIONAL STANDARD BOOK NUMBER
International Standard Book Number 9780073049021
082 ## - DEWEY DECIMAL CLASSIFICATION NUMBER
Classification number 658.8 GRE
100 ## - MAIN ENTRY--PERSONAL NAME
Author name GREWAL,D.
245 ## - TITLE STATEMENT
Title Marketing
260 ## - PUBLICATION, DISTRIBUTION, ETC.
Place of publication, distribution, etc. New York.
Name of publisher, distributor, etc. Mc Graw Hill,
Date of publication, distribution, etc. 2008.
300 ## - PHYSICAL DESCRIPTION
Extent xxxiii,720p.:ill.; picture,tables
Other physical details Index
Dimensions 25cm.
700 ## - ADDED ENTRY--PERSONAL NAME
Other authors/Editors LEVY,M.
942 ## - ADDED ENTRY ELEMENTS (KOHA)
Source of classification or shelving scheme Dewey Decimal Classification
Koha item type Books
Holdings
Date last seen Total checkouts Full call number Barcode Cost, replacement price Price effective from Koha item type Lost status Source of classification or shelving scheme Damaged status Not for loan Withdrawn status Home library Current library Shelving location Date acquired Source of acquisition Cost, normal purchase price
06/29/2025   658.8 GRE DOM0004216 225000.00 06/29/2025 Books   Dewey Decimal Classification       CBE Dodoma CBE Dodoma General Collection 06/29/2025 Library budget 75000.00
06/29/2025   658.8 GRE DOM0004219 225000.00 06/29/2025 Books   Dewey Decimal Classification       CBE Dodoma CBE Dodoma General Collection 06/29/2025 Library budget 75000.00
06/29/2025   658.8 GRE DOM0004227 225000.00 06/29/2025 Books   Dewey Decimal Classification       CBE Dodoma CBE Dodoma General Collection 06/29/2025 Library budget 75000.00
06/29/2025   658.8 GRE DOM0004226 225000.00 06/29/2025 Books   Dewey Decimal Classification       CBE Dodoma CBE Dodoma General Collection 06/29/2025 Library budget 75000.00
06/30/2025   658.8 GRE DOM0004489 225000.00 06/29/2025 Books   Dewey Decimal Classification       CBE Dodoma CBE Dodoma General Collection 06/29/2025   75000.00